书目信息 |
| 题名: |
汉英成语和常用语
|
|
| 作者: | 李学禧 编 | |
| 分册: | ||
| 出版信息: | 兰州 甘肃人民出版社 1979.05 |
|
| 页数: | 837页 | |
| 开本: | 13cm | |
| 丛书名: | ||
| 单 册: | ||
| 中图分类: | H313.3-61 | |
| 科图分类: | ||
| 主题词: | 英语--成语--手册 | |
| 电子资源: | ||
| ISBN: | ||
| 000 | 00513nam0 2200181 45 | |
| 001 | 0504211665 | |
| 005 | 20070726150538.82 | |
| 010 | @dCNY1.70 | |
| 100 | @a20050421d1979 km y0chiy0120 ea | |
| 101 | 0 | @achi |
| 200 | 1 | @a汉英成语和常用语@AHan Ying Cheng Yu He Chang Yong Yu@f李学禧 编@FLi Xue Xi Bian |
| 210 | @a兰州@c甘肃人民出版社@d1979.05 | |
| 215 | @a837页@d13cm | |
| 606 | 0 | @a英语@x成语@x手册 |
| 690 | @aH313.3-61@v3 | |
| 701 | 0 | @a李学禧@4编 |
| 801 | @aCN@bTSTCL@c20070726 | |
| 905 | @f1@b211626@dH313.3-61@e125 | |
| 汉英成语和常用语/李学禧 编.-兰州:甘肃人民出版社,1979.05 |
| 837页;13cm |
| ISBN :CNY1.70 |
| ● |
| 相关链接 |
|
|
|
|
正题名:汉英成语和常用语
索取号:H313.3-61/125
 
预约/预借
| 序号 | 登录号 | 条形码 | 馆藏地/架位号 | 状态 | 备注 |
| 1 | 0211626 | 001383782 | 密集书库/ [索取号:H313.3-61/125] | 在馆 | |
| 2 | 0783142 | 207831426 | 密集书库/ [索取号:H313.3-61/125] | 在馆 |